[Event "BCF-chT3Sa 1819 (4NCL)"]
[Site "England"]
[Date "2019.04.13"]
[Round "7.36"]
[White "Kendall, Paul SN"]
[Black "Dydak, Mateusz"]
[Result "1/2-1/2"]
[WhiteElo "1957"]
[BlackElo "1875"]
[PlyCount "39"]
[EventDate "2018.11.17"]
[EventType "team-tourn"]
[EventRounds "7"]
[EventCountry "ENG"]
[SourceTitle "EXT 2021"]
[Source "ChessBase"]
[SourceDate "2020.10.23"]
[SourceVersion "1"]
[SourceVersionDate "2020.10.23"]
[SourceQuality "1"]
[WhiteTeam "MK Phoenix"]
[BlackTeam "Fermented Sharks"]
[WhiteTeamCountry "ENG"]
[BlackTeamCountry "ENG"]

1. e4 e6 2. d4 d5 3. Nd2 dxe4 4. Nxe4 Nd7 5. Nf3 Ngf6 6. Nxf6+ Nxf6 7. Bd3 c5 8. 0-0 cxd4 9. Nxd4 Be7 10. c3 0-0 11. Re1 a6 12. Bg5 Qc7 13. Qf3 Qc5 14. h4 h6 15. b4 Qd5 16. Be4 Qd8 17. Bxf6 Bxf6 18. Rad1 Qc7 19. h5 Rb8 20. Bb1 1/2-1/2

[Event "BCF-chT3Sb 1617 (4NCL)"]
[Site "England"]
[Date "2017.01.14"]
[Round "3.76"]
[White "Blake, J Morgan"]
[Black "Dydak, Mateusz"]
[Result "0-1"]
[WhiteElo "1799"]
[BlackElo "1859"]
[PlyCount "26"]
[EventDate "2016.11.26"]
[EventType "team-tourn"]
[EventRounds "11"]
[EventCountry "ENG"]
[SourceTitle "EXT 2019"]
[Source "ChessBase"]
[SourceDate "2018.10.10"]
[SourceVersion "1"]
[SourceVersionDate "2018.10.10"]
[SourceQuality "1"]
[WhiteTeam "Sussex Martlets II"]
[BlackTeam "Fermented Sharks"]
[WhiteTeamCountry "ENG"]
[BlackTeamCountry "ENG"]

1. e4 e6 2. d4 d5 3. Nc3 Bb4 4. e5 c5 5. a3 Bxc3+ 6. bxc3 Qa5 7. Bd2 Qa4 8. Qb1 c4 9. Qb4 Qxc2 10. Be2 Nc6 11. Qd6 Qb2 12. Rc1 Nge7 13. g4 0-0 0-1

[Event "London Weekend op 12"]
[Site "London"]
[Date "2016.12.10"]
[Round "2"]
[White "Dydak, Mateusz"]
[Black "Farrand, Tom"]
[Result "1-0"]
[WhiteElo "1840"]
[BlackElo "2175"]
[PlyCount "75"]
[EventDate "2016.12.09"]
[EventType "swiss"]
[EventRounds "5"]
[EventCountry "ENG"]
[SourceTitle "CBM 176 Extra"]
[Source "ChessBase"]
[SourceDate "2017.03.02"]
[SourceVersion "1"]
[SourceVersionDate "2017.03.02"]
[SourceQuality "1"]

1. d4 f5 2. e4 fxe4 3. Nc3 Nf6 4. Bg5 c6 5. f3 d5 6. fxe4 dxe4 7. Bc4 Bf5 8. Nge2 Nbd7 9. 0-0 Qa5 10. Qd2 e6 11. Nf4 0-0-0 12. Nxe6 Re8 13. Nxf8 Rhxf8 14. Nxe4 Qxd2 15. Nd6+ Kd8 16. Bxd2 Ne4 17. Ba5+ b6 18. Nxe8 Rxe8 19. Bd3 Bg6 20. Bb4 Ndf6 21. Rae1 Kc7 22. a4 Rd8 23. Be7 Rxd4 24. Bxf6 gxf6 25. Bxe4 Rxe4 26. Rxe4 Bxe4 27. Rxf6 Bxc2 28. Rf7+ Kd6 29. Rxa7 Kc5 30. a5 bxa5 31. Rxa5+ Kd4 32. Ra3 c5 33. Kf2 c4 34. g4 Ke4 35. Kg3 Bd3 36. h4 h6 37. Ra6 c3 38. Ra4+ 1-0

[Event "BCF-chT3Sb 1617 (4NCL)"]
[Site "England"]
[Date "2016.11.27"]
[Round "2.76"]
[White "Lewis, Christopher"]
[Black "Dydak, Mateusz"]
[Result "1/2-1/2"]
[WhiteElo "1945"]
[BlackElo "1847"]
[PlyCount "36"]
[EventDate "2016.11.26"]
[EventType "team-tourn"]
[EventRounds "11"]
[EventCountry "ENG"]
[SourceTitle "EXT 2019"]
[Source "ChessBase"]
[SourceDate "2018.10.10"]
[SourceVersion "1"]
[SourceVersionDate "2018.10.10"]
[SourceQuality "1"]
[WhiteTeam "Shropshire"]
[BlackTeam "Fermented Sharks"]
[WhiteTeamCountry "ENG"]
[BlackTeamCountry "ENG"]

1. e4 e6 2. d4 d5 3. Nd2 dxe4 4. Nxe4 Nd7 5. Bf4 Ngf6 6. Nxf6+ Nxf6 7. Nf3 Be7 8. Bc4 0-0 9. 0-0 Bd7 10. Ne5 Be8 11. c3 Nd7 12. Re1 Nxe5 13. Bxe5 Bf6 14. d5 Bxe5 15. Rxe5 Qf6 16. Qe2 exd5 17. Bxd5 Bc6 18. Bxc6 Qxc6 1/2-1/2

[Event "Crawley e2e4 Gatwick op U2050"]
[Site "Crawley"]
[Date "2016.05.30"]
[Round "7"]
[White "Kumaresan, Darshan"]
[Black "Dydak, Mateusz"]
[Result "0-1"]
[WhiteElo "1764"]
[BlackElo "1897"]
[PlyCount "62"]
[EventDate "2016.05.27"]
[EventType "swiss"]
[EventRounds "7"]
[EventCountry "ENG"]
[SourceTitle "EXT 2019"]
[Source "ChessBase"]
[SourceDate "2018.10.10"]
[SourceVersion "1"]
[SourceVersionDate "2018.10.10"]
[SourceQuality "1"]

1. d4 f5 2. g3 Nf6 3. Nf3 g6 4. Bg2 Bg7 5. c4 0-0 6. Nc3 d6 7. 0-0 Nc6 8. d5 Na5 9. Nd2 c5 10. a3 Ng4 11. e4 fxe4 12. Bxe4 Bd4 13. Bf3 Ne5 14. Be2 Bh3 15. Nb5 Bxf1 16. Nxd4 Bxe2 17. Nxe2 Naxc4 18. Nxc4 Nxc4 19. Nf4 Rf5 20. Ne6 Qb6 21. g4 Rf7 22. Qc2 Ne5 23. Ng5 Nf3+ 24. Nxf3 Rxf3 25. Qe4 Raf8 26. Be3 Qd8 27. b4 b6 28. h4 Qd7 29. h5 gxh5 30. Kh2 Qxg4 31. Rg1 Rh3# 0-1

[Event "London Classic CSC op U2000 7th"]
[Site "London"]
[Date "2015.12.06"]
[Round "5"]
[White "Dydak, Mateusz"]
[Black "Herring, Samuel"]
[Result "1/2-1/2"]
[WhiteElo "1882"]
[BlackElo "1908"]
[PlyCount "40"]
[EventDate "2015.12.04"]
[EventType "swiss"]
[EventRounds "5"]
[EventCountry "ENG"]
[SourceTitle "CBM 169 Extra"]
[Source "ChessBase"]
[SourceDate "2015.12.18"]
[SourceVersion "1"]
[SourceVersionDate "2015.12.18"]
[SourceQuality "1"]

1. f4 d5 2. Nf3 Nf6 3. g3 c5 4. Bg2 Nc6 5. 0-0 g6 6. d3 Bg7 7. Qe1 0-0 8. c3 d4 9. Na3 Nd5 10. Bd2 e5 11. fxe5 Nxe5 12. Nxe5 Bxe5 13. Nc2 Rb8 14. c4 Ne7 15. b4 b6 16. Qf2 Qd6 17. Bh6 Bg7 18. Bf4 Be5 19. Bh6 Bg7 20. Bf4 Be5 1/2-1/2

[Event "BCF-chT3 1415 (4NCL)"]
[Site "England"]
[Date "2015.03.21"]
[Round "7.218"]
[White "Dydak, Mateusz"]
[Black "Breed, Greg"]
[Result "1-0"]
[WhiteElo "1874"]
[BlackElo "1746"]
[PlyCount "111"]
[EventDate "2015.03.21"]
[EventType "team-swiss"]
[EventRounds "11"]
[EventCountry "ENG"]
[SourceTitle "EXT 2016"]
[Source "ChessBase"]
[SourceDate "2015.10.08"]
[SourceVersion "1"]
[SourceVersionDate "2015.10.08"]
[SourceQuality "1"]
[WhiteTeam "West is Best II"]
[BlackTeam "Cambridge III"]
[WhiteTeamCountry "ENG"]
[BlackTeamCountry "ENG"]

1. f4 d5 2. Nf3 c5 3. g3 Nc6 4. Bg2 Nf6 5. 0-0 Bf5 6. d3 e6 7. Qe1 Be7 8. h3 h5 9. c3 Qb6 10. Nbd2 c4+ 11. d4 Be4 12. Ne5 Bxg2 13. Kxg2 Bd6 14. e4 Bxe5 15. fxe5 Nxe4 16. Nxe4 dxe4 17. Qe2 Ne7 18. Qxc4 Qc6 19. Qxc6+ bxc6 20. Re1 c5 21. dxc5 Rc8 22. b4 Rd8 23. Bg5 Rd3 24. Rac1 Nd5 25. Rxe4 Kd7 26. Rd4 Rxd4 27. cxd4 Nxb4 28. Rb1 Rb8 29. Kf3 Kc7 30. Be7 Kc6 31. Bd6 Rb7 32. Bf8 g6 33. a3 Nc2 34. Rxb7 Kxb7 35. Ke4 Kc6 36. a4 Nb4 37. Bd6 Nd5 38. Kd3 h4 39. gxh4 Nf4+ 40. Kc4 Nxh3 41. Kb4 Ng1 42. Be7 Kd5 43. Bg5 Nf3 44. Be3 Kc6 45. Bf2 Nd2 46. Ka5 Ne4 47. Be1 Kb7 48. Kb5 a6+ 49. Kc4 f5 50. d5 exd5+ 51. Kxd5 Kc7 52. c6 Kd8 53. e6 Nf6+ 54. Ke5 Ne8 55. Ba5+ Kc8 56. e7 1-0

[Event "BCF-chT3S 1415 (4NCL)"]
[Site "England"]
[Date "2015.01.11"]
[Round "4.148"]
[White "Roberts, Nick W"]
[Black "Dydak, Mateusz"]
[Result "1/2-1/2"]
[WhiteElo "1959"]
[BlackElo "1854"]
[PlyCount "51"]
[EventDate "2014.11.15"]
[EventType "team-swiss"]
[EventRounds "6"]
[EventCountry "ENG"]
[SourceTitle "EXT 2016"]
[Source "ChessBase"]
[SourceDate "2015.10.08"]
[SourceVersion "1"]
[SourceVersionDate "2015.10.08"]
[SourceQuality "1"]
[WhiteTeam "Warwicks Select II"]
[BlackTeam "West is Best II"]
[WhiteTeamCountry "ENG"]
[BlackTeamCountry "ENG"]

1. d4 f5 2. Bg5 h6 3. Bh4 g5 4. Bg3 Nf6 5. e3 d6 6. Bd3 Bg7 7. Nd2 Nc6 8. h4 g4 9. h5 e6 10. c3 Qe7 11. Qc2 Bd7 12. e4 fxe4 13. Nxe4 Nxe4 14. Bxe4 0-0-0 15. 0-0-0 Bf6 16. Ne2 Qg7 17. Nf4 e5 18. Ng6 Rhe8 19. d5 Bg5+ 20. Kb1 Ne7 21. c4 Qf6 22. Nxe7+ Qxe7 23. f3 gxf3 24. gxf3 Kb8 25. Bf2 c5 26. a3 1/2-1/2

[Event "London Classic op 6th"]
[Site "London"]
[Date "2014.12.14"]
[Round "9"]
[White "Dydak, Mateusz"]
[Black "Fixmer, Eric"]
[Result "1-0"]
[WhiteElo "1870"]
[BlackElo "1686"]
[PlyCount "135"]
[EventDate "2014.12.08"]
[EventType "swiss"]
[EventRounds "9"]
[EventCountry "ENG"]
[SourceTitle "CBM 163 Extra"]
[Source "ChessBase"]
[SourceDate "2014.12.23"]
[SourceVersion "1"]
[SourceVersionDate "2014.12.23"]
[SourceQuality "1"]

1. e4 c5 2. Nf3 d6 3. Bb5+ Bd7 4. Bxd7+ Qxd7 5. 0-0 Nc6 6. c3 Nf6 7. Re1 e5 8. d4 cxd4 9. cxd4 Be7 10. d5 Na5 11. Nbd2 b5 12. b4 Nb7 13. Nb3 0-0 14. Qd3 Rfc8 15. Bb2 Nh5 16. g3 a5 17. bxa5 Nxa5 18. Nxa5 Rxa5 19. a3 Ra4 20. Rac1 Rac4 21. Rxc4 bxc4 22. Qc3 Bd8 23. Bc1 Qa4 24. Bd2 Bb6 25. Qb4 Qa6 26. a4 Bc5 27. Qb5 Qxb5 28. axb5 Bd4 29. Bg5 c3 30. g4 Nf6 31. Bxf6 gxf6 32. Rc1 Rc5 33. Kf1 Rxb5 34. Rc2 Rb2 35. Ne1 Kg7 36. Kg2 Kf8 37. Kf3 Ke7 38. Ke2 Kd7 39. Kd3 Rxc2 40. Nxc2 Kc7 41. f3 Kb6 42. Kc4 Ka5 43. Kb3 Kb5 44. h3 Kc5 45. Na3 Kb6 46. Nb1 Kb5 47. Nxc3+ Kc5 48. Ne2 Bf2 49. Kc3 Bh4 50. Kd3 Bg5 51. Ng3 Kb6 52. Nf5 Kc7 53. Kc4 Kd7 54. Kb5 Bd2 55. Kb6 Bf4 56. Kb7 Bd2 57. Ng3 Bf4 58. Ne2 Be3 59. Nc3 Bc5 60. Nb5 Bb4 61. Na7 Ba3 62. Nc6 Bc5 63. Nb8+ Ke7 64. Kc7 f5 65. gxf5 Kf6 66. Nd7+ Kg5 67. Nxc5 dxc5 68. d6 1-0

[Event "London Classic op 6th"]
[Site "London"]
[Date "2014.12.12"]
[Round "5"]
[White "Haldorsen, Benjamin"]
[Black "Dydak, Mateusz"]
[Result "1-0"]
[WhiteElo "2096"]
[BlackElo "1870"]
[PlyCount "71"]
[EventDate "2014.12.08"]
[EventType "swiss"]
[EventRounds "9"]
[EventCountry "ENG"]
[SourceTitle "CBM 163 Extra"]
[Source "ChessBase"]
[SourceDate "2014.12.23"]
[SourceVersion "1"]
[SourceVersionDate "2014.12.23"]
[SourceQuality "1"]

1. d4 f5 2. e4 fxe4 3. Nc3 Nf6 4. Bg5 Nc6 5. d5 Ne5 6. Qd4 Nf7 7. Nh3 c6 8. 0-0-0 Qa5 9. Bxf6 gxf6 10. Qxe4 Nd6 11. Qe2 Kd8 12. Kb1 Rg8 13. g3 c5 14. Bg2 f5 15. Rhe1 Qb4 16. Nf4 a5 17. Nd3 Qc4 18. Qe3 Ra6 19. Ne5 Qb4 20. a3 Qb6 21. Bf1 c4 22. Nxc4 Nxc4 23. Bxc4 Qxe3 24. Rxe3 Rh6 25. d6 e6 26. Na4 Rg4 27. Nb6 Rxh2 28. Bxe6 Rxf2 29. Rc3 Bxd6 30. Rxd6 Rg6 31. Rxc8+ Ke7 32. Rxd7+ Kxe6 33. Re8+ Kf6 34. Nd5+ Kg5 35. Rxh7 b5 36. Nf4 1-0

[Event "London Classic op 6th"]
[Site "London"]
[Date "2014.12.11"]
[Round "4"]
[White "Dydak, Mateusz"]
[Black "Quinn, John M"]
[Result "1-0"]
[WhiteElo "1870"]
[BlackElo "2131"]
[PlyCount "115"]
[EventDate "2014.12.08"]
[EventType "swiss"]
[EventRounds "9"]
[EventCountry "ENG"]
[SourceTitle "CBM 163 Extra"]
[Source "ChessBase"]
[SourceDate "2014.12.23"]
[SourceVersion "1"]
[SourceVersionDate "2014.12.23"]
[SourceQuality "1"]

1. g3 Nf6 2. Bg2 g6 3. f4 d5 4. Nf3 Bg7 5. d3 0-0 6. 0-0 c5 7. Qe1 d4 8. Na3 Nc6 9. c3 Nd5 10. Bd2 Rb8 11. Nc2 b5 12. Rc1 e6 13. cxd4 cxd4 14. Ng5 Bb7 15. g4 Re8 16. f5 exf5 17. gxf5 Ne3 18. Bxe3 dxe3 19. Ne4 Bxb2 20. Rb1 Bg7 21. Rxb5 Ba8 22. Rxb8 Qxb8 23. fxg6 hxg6 24. Ng5 Nd8 25. Bxa8 Qxa8 26. Qb4 Qd5 27. Ne4 f5 28. Nc3 Qf7 29. a4 Nc6 30. Qc5 Ne5 31. Nb5 a6 32. Nd6 Bf8 33. Nxf7 Bxc5 34. Nxe5 Rxe5 35. d4 Bxd4 36. Nxd4 Re4 37. Rd1 a5 38. Kg2 Kg7 39. Kf3 Kf6 40. Rd3 g5 41. h3 Kg6 42. Kg3 Kf6 43. Nf3 Rxa4 44. Rd6+ Ke7 45. Ra6 g4 46. hxg4 Rxg4+ 47. Kh3 Ra4 48. Kg2 f4 49. Ne5 Ra2 50. Kf3 a4 51. Nc4 Kf7 52. Nb6 a3 53. Nc4 Ra1 54. Rxa3 Rf1+ 55. Ke4 Rf2 56. Ne5+ Kg7 57. Ra2 Kg8 58. Nf3 1-0

[Event "London Golders Green op U1900 4th"]
[Site "London"]
[Date "2014.08.23"]
[Round "1"]
[White "Rogal, Chris"]
[Black "Dydak, Mateusz"]
[Result "0-1"]
[WhiteElo "1681"]
[BlackElo "1895"]
[PlyCount "68"]
[EventDate "2014.08.23"]
[EventType "swiss"]
[EventRounds "6"]
[EventCountry "ENG"]
[SourceTitle "EXT 2018"]
[Source "ChessBase"]
[SourceDate "2017.10.13"]
[SourceVersion "1"]
[SourceVersionDate "2017.10.13"]
[SourceQuality "1"]

1. d4 f5 2. Bg5 g6 3. Nc3 Bg7 4. e4 fxe4 5. Nxe4 d5 6. Ng3 c5 7. c3 cxd4 8. cxd4 Qb6 9. Nf3 Qxb2 10. Be2 Nc6 11. Be3 Nf6 12. h3 0-0 13. 0-0 e6 14. a3 Ne8 15. Qd3 Qb6 16. Rab1 Qd8 17. Rfd1 Nd6 18. Qc2 Na5 19. Bd2 Nac4 20. Bb4 Rf7 21. h4 Bf6 22. h5 g5 23. Qd3 Bd7 24. Bxd6 Nxd6 25. Ne5 Bxe5 26. dxe5 Nc4 27. Qc3 b5 28. h6 Qb6 29. Bxc4 Qxf2+ 30. Kh2 Rf4 31. Nf5 Rxf5 32. Bxb5 g4 33. Rd3 Rh5+ 34. Rh3 Rxh3+ 0-1

[Event "BCF-chT3 1314 (4NCL)"]
[Site "England"]
[Date "2014.05.04"]
[Round "10.140"]
[White "Boumphrey, Luke S"]
[Black "Dydak, Mateusz"]
[Result "0-1"]
[WhiteElo "1988"]
[BlackElo "1923"]
[PlyCount "122"]
[EventDate "2013.11.16"]
[EventType "team-swiss"]
[EventRounds "11"]
[EventCountry "ENG"]
[SourceTitle "EXT 2015"]
[Source "ChessBase"]
[SourceDate "2014.11.20"]
[SourceVersion "1"]
[SourceVersionDate "2014.11.20"]
[SourceQuality "1"]
[WhiteTeam "Ferry Cross the Maroczy"]
[BlackTeam "West is Best"]
[WhiteTeamCountry "ENG"]
[BlackTeamCountry "ENG"]

1. e4 e6 2. d4 d5 3. Nd2 dxe4 4. Nxe4 Nd7 5. Bd3 Ngf6 6. c3 Nxe4 7. Bxe4 Nf6 8. Bc2 Bd7 9. Nf3 Bc6 10. 0-0 Qd5 11. Bb3 Qh5 12. Ne5 Qxd1 13. Rxd1 Be4 14. f3 Bg6 15. Ba4+ Kd8 16. Bg5 c6 17. c4 Bd6 18. Ng4 Be7 19. d5 exd5 20. cxd5 Nxd5 21. Bd2 Bc5+ 22. Kh1 Kc7 23. Rac1 Bd6 24. Ba5+ Nb6 25. Ne3 Rad8 26. Nd5+ Kb8 27. Nxb6 axb6 28. Bc3 f6 29. Bd4 Bc7 30. b4 Bf7 31. a3 b5 32. Bc2 Bc4 33. Bc5 Bd5 34. a4 bxa4 35. Bxa4 b5 36. Bc2 Kb7 37. Bd3 Bb6 38. Ra1 Bxc5 39. bxc5 g6 40. h3 Bb3 41. Rd2 Rd5 42. Re2 Rxc5 43. Re7+ Kb6 44. Raa7 Rd5 45. Be2 Re5 46. Reb7+ Kc5 47. Bd3 Rd8 48. Be4 f5 49. Bxc6 Kxc6 50. Rxh7 Kc5 51. Ra6 Re6 52. Rc7+ Kb4 53. Raa7 Bc4 54. Kh2 f4 55. h4 Re1 56. Rg7 Rdd1 57. Kh3 Be6+ 58. g4 Bd5 59. Rad7 Bxf3 60. Rxd1 Rxd1 61. h5 Rh1# 0-1

[Event "Gatwick e2e4 op U1950"]
[Site "Crawley"]
[Date "2013.11.02"]
[Round "2"]
[White "Wen, Jackson"]
[Black "Dydak, Mateusz"]
[Result "1-0"]
[WhiteElo "1744"]
[BlackElo "1892"]
[PlyCount "28"]
[EventDate "2013.11.01"]
[EventType "swiss"]
[EventRounds "5"]
[EventCountry "ENG"]
[SourceTitle "EXT 2015"]
[Source "ChessBase"]
[SourceDate "2014.11.20"]
[SourceVersion "1"]
[SourceVersionDate "2014.11.20"]
[SourceQuality "1"]

1. e4 e6 2. d4 d5 3. Nc3 Bb4 4. e5 c5 5. a3 Bxc3+ 6. bxc3 Ne7 7. Bg5 Qa5 8. Qd2 Nbc6 9. Bxe7 Kxe7 10. Nf3 b6 11. Be2 h6 12. 0-0 cxd4 13. Nxd4 Bd7 14. Nb3 Qa4 1-0